Football Teams Aaron Ramsdale Played For - Statistics

General Stats
  • This quiz has been taken 65 times
    34 since last reset
  • The average score is 6 of 9
Answer Stats
League Years Team % Correct
England 2021-2024 Arsenal FC
100%
England 2024- Southampton FC
90%
England 2017-2018 AFC Bournemouth
73%
England 2018-2019 AFC Bournemouth
73%
England 2019-2020 AFC Bournemouth
73%
England 2016-2017 Sheffield United
70%
England 2020-2021 Sheffield United
70%
England 2019 AFC Wimbledon
17%
England 2018 Chesterfield FC
17%
No matching quizzes found
Score Distribution
Percent of People with Each Score
Percentile by Number Answered
Your Score History
You have not taken this quiz since the last reset